000 01865ngm a2200385 c 4500
001 a5538169
005 20180622105856.0
008 161125q20112012sp 074 f vnmul d
040 _aCo-BoUCM
_bspa
_cSaul Niño
_dSaul Niño
041 1 _aspa
092 _aDVD 1582
245 0 0 _aUnes altres veus
_botras voces
_cdirecció i guió, Silvia Cortés, Iván Ruiz ; direcció de producció, Marta Alonso ; direcció de fotografía, Xavier Garriga
260 _aBarcelona (España)
_bTeidees Audiovisuals
_bAssociació Teadir
_c[2011-2012]
300 _a1 DVD (ca. 74 minutos)
_e1 Folleto (17 páginas)
500 _aVideodisco divulgativo
508 _aIdea original, Iván Ruiz Acero ; realización, Silvia Cortes
511 1 _aAlbert Mateu ; locución, Oriol Parreño
518 _aRealizado en el 2011 en España
520 3 _aSe regoge el testimonio de Albert Mateu que sufre autismo. Le diagnosticaron de síndrome de Asperger. En el vídeo se recogen los testimonios de psicoanalistas, padres y madres de niños diagnosticados con la mima enfermedad que nos ofrecen una visión de cómo es su día a día con esta enfermedad
522 _aLugar de rodaje: Barcelona
546 _aIdioma en catalán, español, francés, italiano. Con subtítulos en catalán, castellano, inglés, italiano, alemán y portugués
650 7 _aAutismo
_99761
_xCine documental
650 7 _aSíndrome de Asperger
_924452
_vCine documental
655 7 _aDocumentales
_982101
690 0 _aEntretenimiento
_926487
700 1 _aCortés, Silvia
_982102
700 1 _aRuiz Acero, Iván
_982103
700 1 _aAlonso, Marta
_982104
700 1 _aGarriga, Xavier
_982105
700 1 _aParreño, Oriol
_982106
700 1 _aMateu, Albert
_982107
710 2 _aAsosiació Teadir
_982108
942 _2LOCAL
_a11
_cMULTIMEDIA
_e1
_hDVD 1582
_n0
956 _a1
999 _c303869
_d303869